| 000 | 00717nam a2200217 i 4500 | ||
|---|---|---|---|
| 001 | 146570 | ||
| 003 | ES-MaACL | ||
| 005 | 20250803050542.0 | ||
| 007 | t| | ||
| 008 | 070912s1927 fr |||| | fre d | ||
| 100 | 1 |
_aToutain, J. _9111164 |
|
| 245 | 1 | 2 |
_aL'economie antique / _cpar J. Toutain. |
| 260 |
_aParis : _bLa Renaissance du Livre, _c1927. |
||
| 300 |
_a439 p. ; _c20 cm. |
||
| 490 | 1 | _aBibliothéque de synthése historique. L'evolution de l'humanité | |
| 650 | 0 | 7 |
_aHistoria antigua _2embne _913385 |
| 650 | 0 | 4 |
_aHistoria económica- _yHasta S.V. _913408 |
| 830 | 0 |
_aBibliothéque de synthése historique. L'evolution de l'humanité _9183712 |
|
| 852 |
_aES-MaACL _jA-1824 |
||
| 999 |
_c146570 _d146570 |
||